Last F1 Car Of Every Formula One Constructor Since 1980 - Statistics

General Stats
  • This quiz has been taken 22 times
  • The average score is 47 of 75
Answer Stats
Picture Answer % Correct
Ferrari
100%
Force India
100%
McLaren
100%
Racing Point
100%
Renault
100%
Alfa Romeo
91%
Alpha Tauri
91%
Alpine
91%
Aston Martin
91%
Cadillac
91%
Haas
91%
Mercedes
91%
Racing Bulls
91%
Red Bull
91%
Stake
91%
Toro Rosso
91%
Williams
91%
Arrows
82%
Audi
82%
BMW-Sauber
82%
Brawn
82%
Jaguar
82%
Jordan
82%
Ligier
82%
Lotus
82%
Sauber
82%
BAR
73%
Benetton
73%
Caterham
73%
HRT
73%
Spyker
73%
Toyota
73%
Virgin
73%
ATS
64%
Honda
64%
Leyton House
64%
Lola
64%
Manor
64%
Prost
64%
Simtek
64%
Stewart
64%
Fondmetal
55%
Life
55%
Lotus
55%
March
55%
Marussia
55%
Midland
55%
Minardi
55%
Super Aguri
55%
Toleman
55%
Brabham
45%
Dallara
45%
Lotus
45%
Pacific
45%
RAM
45%
Rial
45%
Zakspeed
45%
Coloni
36%
Fittipaldi (Copersucar)
36%
Footwork
36%
Forti
36%
Larrousse
36%
Onyx
36%
Tyrrell
36%
Venturi
36%
AGS
27%
Andrea Moda
27%
Ensign
27%
Eurobrun
27%
Lambo (Modena Team)
27%
Osella
27%
Spirit
27%
Theodore
27%
Shadow
18%
FIRST
9%
No matching quizzes found
Score Distribution
Percent of People with Each Score
Percentile by Number Answered
Your Score History
You have not taken this quiz